Регионална библиотека "Любен Каравелов" - Русе

Музикално възпитание в детската градина (Запис номер 115910)

MARC детайли
000 -Лидер
Контролно поле с фиксирана дължина 02151nam a2200385 c 4500
003 - Код на организацията, давaща контролен номер
Контролно поле BLK
005 - Дата и час на последна редакция
Контролно поле 20221212161529.0
008 - Елементи от данни с фиксирана дължина
fixed length control field 180409b bul|||||r ||||||| ||bul||
010 ## - Наследен системен номер
LC control number KNG00121429000
040 ## - Източник на каталожния запис
Идентификатор на билиотеката - собственик на записа BLK
041 ## - Код за език
Код за езика на текст/звукозапис или на отделно заглавие Български
Код за езика КДБФ Български
080 ## - УДК
Текстов определител УДК Развиване на мисълта. Подвижни упражнения - Упражняване на вниманието и способността за различаване, наблюдаване на природата, гимнастика, ритмични упражнения, ръчна работа и др.
УДК код - определител по УДК 372.36
УДК определител
УДК - код + определител 372.36
080 ## - УДК
Текстов определител УДК Музика
УДК код - определител по УДК 78
УДК определител (072)
УДК - код + определител 78(072)
100 1# - Редна дума - Автор
Автор Катеринова, Елисавета Кирилова
R(LIN) 314398
139 ## - Редно поле
Редна дума Катеринова, Елисавета Кирилова и др.
Авторски знак Кат - К 46
245 10 - Сведения за заглавието
Заглавие Музикално възпитание в детската градина
Подзаглавни данни Метод. ръководство за детските учителки и муз. ръководителки
Редно поле (дума) Елисавета Кирилова Катеринова; съавт. Росица Стойчева Коджаманова.
257 ## - Страна на издаване
Страна на създаване/издаване България
260 ## - Област на издателските данни
-- София
Име на издателя, разпространителя и проч. Нар. просв.
Година на издаване 1978
Печатница В. Търново : Д. Найденов
300 ## - Физическа характеристика
Страници 184 с.
Илюстрации и др. с табл., ноти
Размери/Мащаб 20 см
380 ## - Жанр
Жанр Изкуство
500 ## - Общи забележки
Забележка Библиогр. с. 183.
650 #4 - Допълнително описание по предмет – тема
Основно описание – тема или топоним Музикално възпитание - деца
9 (RLIN) 288233
650 #4 - Допълнително описание по предмет – тема
Основно описание – тема или топоним Музика - възприемане
9 (RLIN) 306066
650 #4 - Допълнително описание по предмет – тема
Основно описание – тема или топоним Музика - методика на преподаването - за детски градини
9 (RLIN) 255061
653 ## - Ключова дума – ненормативна
Ключова дума музикално възпитание
653 ## - Ключова дума – ненормативна
Ключова дума музикална ритмика
653 ## - Ключова дума – ненормативна
Ключова дума детски градини
653 ## - Ключова дума – ненормативна
Ключова дума дидактически игри
700 1# - Други автори (авторска отговорност)
Лично име Коджаманова, Росица Стойчева
Автороска отговорност (Описва отношението между автора и произведението) съавт.
9 (RLIN) 314399
852 ## - Местоположение
Форматна сигнатура Цб 94273
856 4# - Електронен адрес и достъп
Електронен формат pdf - файл
Път до файла /url/
856 4# - Електронен адрес и достъп
Електронен формат pdf - файл
Път до файла /url/
942 ## - АРТИКУЛИ
Вид на библиотечния материал Книги
Скрит в OPAC Не
944 ## - СЪЗДАВАНЕ И РЕДАКЦИЯ на ЗАПИСА
Създаване/Редакция Създаване
Дата на регистрацията/редакция 15.02.2011
Статус, дата на статуса / 14.02.2011
Служител, извършил регистрацията/редакцията Наталия_Любомирова
944 ## - СЪЗДАВАНЕ И РЕДАКЦИЯ на ЗАПИСА
Създаване/Редакция Редакция
Дата на регистрацията/редакция 26.02.2018
Статус, дата на статуса / 14.02.2011
Служител, извършил регистрацията/редакцията Микаела_Микова-Илиев
999 ## - СИСТЕМНИ КОНТРОЛНИ НОМЕРА
Koha biblionumber 115910
Koha biblioitemnumber 115910
Наличности
Код за отписване Код за изгубен артикул Източник на класификационната схема Код за повреда Коз за рестрикции Код за отдаване Артикулен № Име на библиотеката - собственик Име на библиотеката, в която се намира в момента Статус (Текущо местоположение) Дата на вписване в системата Местоположение - отдел Цена в лева Инвентарен номер Систематично азбучна сигнатура Баркод Номер на екземпляра Цена в евро Служебна бележка Служебен тип на артикула
Изтеглен Не е изгубен Universal Decimal Classification Не е повреден без рестрикции ползва се в читалня 186473 Регионална библиотека "Любен Каравелов" Русе Регионална библиотека "Любен Каравелов" Русе Отдел Изкуство - читалня 1978-01-01 Отдел Изкуство - читалня 0.00 265400 И 37/К 46 265400 1 0.00 N: стар фонд Дата: 01.01.1978 Дата инв: 18.06.2012 Бележки инв: * Книги
Изтеглен Не е изгубен Universal Decimal Classification Не е повреден без рестрикции заемане за дома 186474 Регионална библиотека "Любен Каравелов" Русе Регионална библиотека "Любен Каравелов" Русе Отдел Изкуство - подръчен фонд 1978-01-01 Отдел Изкуство - подръчен фонд 0.64 265397 ИП 37/К 46 265397 2 0.33 Дост: Pk Вид: Ф N: стар фонд Дата: 01.01.1978 Книги
Изтеглен Не е изгубен Universal Decimal Classification Не е повреден без рестрикции заемане за дома 186475 Регионална библиотека "Любен Каравелов" Русе Регионална библиотека "Любен Каравелов" Русе Заемна - подръчен фонд 1978-01-01 Заемна - подръчен фонд 0.64 265398 П 372.2/К 46 265398 3 0.33 Дост: Pk Вид: Ф N: стар фонд Дата: 01.01.1978 Дата инв: 26.02.2018 Бележки инв: П2018 Книги
Изтеглен Не е изгубен Universal Decimal Classification Не е повреден без рестрикции заемане за дома 186476 Регионална библиотека "Любен Каравелов" Русе Регионална библиотека "Любен Каравелов" Русе Отдел Изкуство - подръчен фонд 1978-01-01 Отдел Изкуство - подръчен фонд 0.64 265399 ИП 37/К 46 265399 4 0.33 Дост: Pk Вид: Ф N: стар фонд Дата: 01.01.1978 Книги
  Не е изгубен Universal Decimal Classification Не е повреден само за читалня ползва се в читалня 186477 Регионална библиотека "Любен Каравелов" Русе Регионална библиотека "Любен Каравелов" Русе Хранилище 1978-01-01 Хранилище 0.64 264537 Цб 94273 120000264537 5 0.33 Дост: Dp Вид: Д N: стар фонд Дата: 01.01.1978 Книги
Vip Innovations Ltd, Rousse, Bulgaria 2025